000
00265nam a22001217a 4500
020
_a
0-408-70535-3
082
_a
621.37 JON'I
100
_a
JONES, E. B
_9
75290
245
_a
INSTRUMENT TECHNOLOGY
260
_a
LONDON
_b
NEWNES
_c
1974
300
_a
V-1
942
_c
BK
999
_c
580737
_d
580737